NBA Starting Lineups 23-24 - Statistics

General Stats
  • This quiz has been taken 6,125 times
    3,995 since last reset
  • The average score is 94 of 150
Answer Stats
Tm Pos Player # % Correct
ATL PG Trae Young 11
98%
SG Dejounte Murray 5
92%
DEN PG Jamal Murray 27
92%
SF Jayson Tatum 0
92%
PF Keegan Murray 13
92%
SG Jaylen Brown 7
91%
CHA PG LaMelo Ball 2
86%
SG Stephen Curry 30
86%
C Draymond Green 23
85%
DAL PG Luka Dončić 77
85%
C Nikola Jokić 15
85%
SG Jalen Green 4
84%
SF Jimmy Butler 22
84%
SF LeBron James 23*
84%
C Clint Capela 15
83%
BOS PG Derrick White 9
83%
PF Giannis Antetokounmpo 34
83%
MIL PG Jrue Holiday 21
83%
SF Klay Thompson 11
83%
C Anthony Davis 3
82%
SG Donovan Mitchell 45
82%
SG Kyrie Irving 11*
82%
PF Jalen Williams 8
81%
C Mark Williams 5
81%
PF Patrick Williams 44
81%
SF Ausar Thompson 9*
80%
C Bam Adebayo 13
80%
PF Grant Williams 3*
80%
SG Anthony Edwards 5*
79%
PF Karl-Anthony Towns 32
79%
PF Kristaps Porziņģis 8*
79%
C Al Horford 42
78%
C Jalen Duren 0
78%
PHI PG James Harden 1
78%
SF Kawhi Leonard 2
78%
SG Paul George 13
78%
OKC PG Shai Gilgeous-Alexander 2
78%
GSW PG Chris Paul 3*
77%
CLE PG Darius Garland 10
77%
C Jarrett Allen 31
77%
SG Mikal Bridges 1
77%
IND PG Tyrese Haliburton 0
77%
SG Zach LaVine 8
77%
PF Zion Williamson 1
77%
PF Aaron Gordon 50
76%
DET PG Cade Cunningham 2
76%
SF DeMar DeRozan 11
76%
SG Devin Booker 1
76%
SG Grayson Allen 12
76%
NYK PG Jalen Brunson 11
76%
C Joel Embiid 21
76%
C Rudy Gobert 27
76%
MIA PG Tyler Herro 14
76%
C Brook Lopez 11
75%
POR PG Damian Lillard 0
74%
SF Khris Middleton 22
74%
SF Michael Porter Jr. 1
74%
PF Kevin Durant 35
72%
LAL PG D'Angelo Russell 1
71%
SAC PG De'Aaron Fox 5
71%
PF Evan Mobley 4
71%
PF Jaren Jackson Jr. 13
71%
SG Austin Reaves 15
70%
SG Brandon Ingram 14
69%
SF Cameron Johnson 2
69%
PF Julius Randle 30
69%
SF Keldon Johnson 3
69%
SG Tyrese Maxey 0
69%
PF Andrew Wiggins 22
68%
LAC PG Russell Westbrook 0
68%
PHX PG Bradley Beal 3*
67%
C Nikola Vučević 9
67%
PF Paolo Banchero 5
67%
C Domantas Sabonis 10
66%
C Myles Turner 33
66%
HOU PG Fred VanVleet 5*
64%
C Ivica Zubac 40
64%
MIN PG Mike Conley Jr. 10
64%
C Victor Wembanyama 1*
64%
C Chet Holmgren 7*
63%
NOP PG CJ McCollum 3
63%
SG Kentavious Caldwell-Pope 5
63%
MEM PG Marcus Smart 36*
63%
PF Pascal Siakam 43
63%
C Nicolas Claxton 33
62%
SG Jordan Poole 13*
61%
C Mitchell Robinson 23
61%
SG Desmond Bane 22
60%
SG Josh Giddey 3
60%
C Alperen Şengün 28
59%
C Deandre Ayton 22
59%
SG Gary Harris 14
59%
SF Tobias Harris 12
59%
SG Anfernee Simons 1
58%
SF Harrison Barnes 40
58%
C Jonas Valančiūnas 17
58%
SF Scottie Barnes 4
58%
SF De'Andre Hunter 12
56%
PF Dorian Finney-Smith 28
56%
SAS PG Tre Jones 33
56%
WSH PG Tyus Jones 5*
56%
SF Franz Wagner 22
55%
C Steven Adams 4
55%
C Jusuf Nurkić 27
54%
SG Terry Rozier III 3
54%
SF Dillon Brooks 9*
53%
PF Jabari Smith Jr. 10*
53%
SF Lauri Markkanen 23
53%
CHI PG Alex Caruso 6
52%
PF John Collins 20*
51%
PF Kyle Kuzma 33
51%
SF RJ Barrett 9
51%
SG Jaden Ivey 23
50%
PF Bojan Bogdanović 44
49%
SF Jaden McDaniels 3
48%
PF Kevin Love 42
48%
SF Luguentz Dort 5
48%
BKN PG Spencer Dinwiddie 26
48%
SF Max Strus 1*
47%
C Dwight Powell 7
46%
SF Brandon Miller 24*
45%
SF Buddy Hield 24
42%
UTA PG Collin Sexton 2
42%
PF Jerami Grant 9
42%
PF P.J. Washington 25
42%
SG Jordan Clarkson 00
41%
SG Kevin Huerter 9
41%
C Wendell Carter Jr. 34
41%
PF Jarred Vanderbilt 2
39%
PF Jeremy Sochan 10
39%
ORL PG Markelle Fultz 20
39%
PF P.J. Tucker 17
39%
SG OG Anunoby 3
38%
C Daniel Gafford 21
37%
SG Devin Vassell 24
37%
SF Tim Hardaway Jr. 10*
37%
SG Bennedict Mathurin 00
36%
C Walker Kessler 24
36%
TOR PG Dennis Schröder 17*
33%
PF Nicolas Batum 33
33%
PF Saddiq Bey 41
32%
C Jakob Poeltl 19
31%
SF Trey Murphy III 25
29%
SF Shaedon Sharpe 17
25%
PF Jarace Walker 5*
21%
SF Josh Okogie 2
21%
SG Quentin Grimes 6
19%
SG Josh Richardson 0*
13%
SF Corey Kispert 24
12%
SF John Konchar 46
10%
No matching quizzes found
Score Distribution
Percent of People with Each Score
Percentile by Number Answered
Your Score History
You have not taken this quiz since the last reset